Normal view
MARC view
Entry Corporate Name
001 - CONTROL NUMBER
- control field: 41331
003 - CONTROL NUMBER IDENTIFIER
- control field: dpl
005 - DATE AND TIME OF LATEST TRANSACTION
- control field: 20120209122327.0
008 - FIXED-LENGTH DATA ELEMENTS
- fixed length control field: 120209|||a|||||| | ||| d
040 ## - CATALOGING SOURCE
- Original cataloging agency: dpl
- Transcribing agency: dpl
110 ## - HEADING--CORPORATE NAME
- Corporate name or jurisdiction name as entry element: Centre for Environment, Education and Economic Development
670 ## - SOURCE DATA FOUND
- Source citation: Work cat.: (dpl): Centre for Environment, Education and Economic Development, The Clarion :, 2012-
670 ## - SOURCE DATA FOUND
- Source citation: Work cat.: (dpl): Centre for Environment, Education and Economic Development, The Clarion :, 2012-
